000 00312nam a2200109Ia 4500
008 171211s9999 xx 000 0 und d
245 _aLes abeilles comme vous ne les avez jamais vues
245 _cPierre Maréchal
260 _c2014
650 _xANIMALS
856 _uhttp://down.ebook777.com/057/1090213302.pdf
999 _c348410
_d348410